000
00226nam a2200109Ia 4500
100
_a
JULEE ROSSO & SHEILA LUKINS
942
_c
BK
245
_a
THE SILVER PALATE COOK BOOK
260
_b
#N/A
546
_a
ENGLISH
999
_c
18364
_d
18364